Předmět a metoda politické ekonomie /
Uložené v:
| Hlavný autor: | |
|---|---|
| Ďalší autori: | , |
| Médium: | Kniha |
| Jazyk: | Czech Russian |
| Vydané: |
Praha :
Svoboda,
1951.
|
| Vydanie: | 3. vyd. |
| Edícia: | Malá knihovna politické ekonomie
|
| ISBN: |
(brož.) |
| Fyzický popis: |
126 s. |
| Tagy: |
Pridať tag
Žiadne tagy, Buďte prvý kto otaguje tento záznam!
|
Titul je dostupný aj v ... 

MARC
| LEADER | 00000nam a2200000 a 4500 | ||
|---|---|---|---|
| 001 | 000523751 | ||
| 005 | 20161008185518.0 | ||
| 008 | 040101s1951 xr e czeo | ||
| 020 | |a (brož.) | ||
| 040 | |a SVKKK |b slo |c SVKKK |e AACR2 | ||
| 041 | 1 | |a cze |h rus | |
| 044 | |a xr |c CZ | ||
| 100 | 1 | |a Leont´jev, Lev Abramovič, |d 1901-1974 |4 aut | |
| 245 | 0 | 0 | |a Předmět a metoda politické ekonomie / |c A. Leont´jev ; přel. Zorja Nováková, Jaroslav Kořalka. |
| 250 | |a 3. vyd. | ||
| 260 | |a Praha : |b Svoboda, |c 1951. | ||
| 300 | |a 126 s. | ||
| 490 | 1 | |a Malá knihovna politické ekonomie |v sv. 1 | |
| 546 | |a Preklad z ruš. | ||
| 700 | 1 | |a Nováková, Zorja |4 trl | |
| 700 | 1 | |a Kořalka, Jaroslav |4 trl | |
| 830 | 0 | |a Malá knihovna politické ekonomie | |
| 910 | |a svkkk | ||
| 998 | |a BK | ||
| 090 | |g SCKHL |k Sklad Hlavná 10 suterén |a I.46028 |j 545404 |i 523751-10 |s Vyradená | ||
| 090 | |g SCKHL |k Sklad Hlavná 10 suterén |a I.55810 |j 55810 |i 2720805100 |s Prezenčne | ||
| 090 | |g SCKHL |k Sklad Pribinova prízemie |a I.1152 |j 7622 |i 2720391222 |s Prezenčne | ||
| 090 | |g SCKHL |k Sklad Pribinova prízemie |a I.846 |j 12067 |i 2720498439 |s Prezenčne | ||
| 090 | |g SCKHL |k Sklad Pribinova prízemie |a I.847 |j 12068 |i 523751-30 |4 Multiplikát |s Vyradená | ||
| 090 | |g SCKHL |k Sklad Pribinova prízemie |a I.848 |j 12069 |i 2720470003 |s Prezenčne | ||
| 090 | |g SCKHL |k Sklad Pribinova prízemie |a I.849 |j 12070 |i 523751-50 |4 Multiplikát |s Vyradená | ||
| 090 | |g SCKHL |k Sklad Pribinova prízemie |a I.850 |j 12071 |i 523751-60 |4 Multiplikát |s Vyradená | ||
| 090 | |g SCKHL |k Sklad Pribinova prízemie |a I.851 |j 12072 |i 523751-70 |4 Multiplikát |s Vyradená | ||
| 090 | |g SCKHL |k Sklad Pribinova prízemie |a I.852 |j 12073 |i 523751-20 |4 Multiplikát |s Vyradená | ||
| 090 | |g SCKHL |k Sklad Pribinova prízemie |a I.853 |j 12074 |i 523751-90 |4 Multiplikát |s Vyradená | ||
| 090 | |g SCKHL |k Sklad Pribinova prízemie |a I.854 |j 12075 |i 523751-100 |4 Multiplikát |s Vyradená | ||
| 090 | |g SCKHL |k Sklad Pribinova prízemie |a I.855 |j 12076 |i 523751-80 |4 Multiplikát |s Vyradená | ||